Strength of materials / (Record no. 5997)

MARC details
000 -LEADER
fixed length control field 00675nam a22002295a 4500
008 - FIXED-LENGTH DATA ELEMENTS--GENERAL INFORMATION
fixed length control field 150816r20031996ii a ||fr 001 0 eng d
020 ## - INTERNATIONAL STANDARD BOOK NUMBER
International Standard Book Number 8125912193
040 ## - CATALOGING SOURCE
Original cataloging agency EG-ScBUE
Language of cataloging eng
Transcribing agency EG-ScBUE
082 04 - DEWEY DECIMAL CLASSIFICATION NUMBER
Classification number 620.11
Item number BHA
Edition number 22
100 1# - MAIN ENTRY--PERSONAL NAME
Personal name Bhavikatti , S.S.
245 10 - TITLE STATEMENT
Title Strength of materials /
Statement of responsibility, etc S.S. Bhavikatti.
250 ## - EDITION STATEMENT
Edition statement 2nd ed.
260 ## - PUBLICATION, DISTRIBUTION, ETC. (IMPRINT)
Place of publication, distribution, etc New Delhi :
Name of publisher, distributor, etc Vikas Publishing House Pvt Ltd,
Date of publication, distribution, etc 2003.
300 ## - PHYSICAL DESCRIPTION
Extent 394 p. :
Other physical details ill. ;
Dimensions 24 cm.
500 ## - GENERAL NOTE
General note Includes index.
590 ## - LOCAL NOTE (RLIN)
Local note menna elamam
650 ## - SUBJECT ADDED ENTRY--TOPICAL TERM
Topical term or geographic name as entry element Strength of materials.
Source of heading or term BUEsh
651 ## - SUBJECT ADDED ENTRY--GEOGRAPHIC NAME
Source of heading or term BUEsh
653 ## - INDEX TERM--UNCONTROLLED
Resource For college Engineering, General
Arrived date list August2015
655 ## - INDEX TERM--GENRE/FORM
Form subdivision
-- 33728
942 ## - ADDED ENTRY ELEMENTS (KOHA)
Item type Book - Borrowing
Call number prefix 620.11 BHA
Source of classification or shelving scheme Dewey Decimal Classification
Holdings
Withdrawn status Item status Damaged status Not for loan Home library Current library Shelving location Date acquired Source of acquisition Cost, normal purchase price Total Checkouts Full call number Barcode Date last seen Date last borrowed Cost, replacement price Koha item type Source of classification or shelving scheme Vendor
        Central Library Central Library First floor 06/08/2006 Purchase 60.00 1 620.11 BHA 000003684 15/07/2025 09/09/2012 75.00 Book - Borrowing    
        Central Library Central Library First floor 07/11/2011   60.00   620.11 BHA 000007276 15/07/2025   75.00 Book - Borrowing Dewey Decimal Classification